000 00278nam a2200109Ia 4500
008 220204s9999 xx 000 0 und d
082 _a301
_bBAU
100 _aBauman, Z
245 0 _aTowards a critical sociology
260 _aLondon
_bRoutledge and Kegan Paul
_c1976
942 _cBK
999 _c29605
_d29605